00480nam a2200169Ia 4500008004100000040001900041041001200060082002000072100001900092245007400111260003600185300002100221504001900242650001700261651001400278850001800292131103s9999 xx 000 0 und d aLoreto College aEnglish a922/PIUbLCLIB/ aClonmore, Lord aPope Pius XI and world peaceb An authentic biography cLord Clonmore aLondonbThe catholic bookc1938 ax,306p. c 22cm. aIncludes index aPope Pius XI aBiography aLCLIB/922/PIU